| 000 | 01281nam0a22003011 4500 | ||
|---|---|---|---|
| 001 | rc\4804477 | ||
| 005 | 20130426134620.0 | ||
| 021 |
_aRU _b[57-18302ж] |
||
| 035 | _a(NLR Aleph) 008874461 | ||
| 090 |
_a8542547 _c8542547 |
||
| 100 | _a20130426d1957 |||y0rusy50 ca | ||
| 101 | 0 | _arus | |
| 102 | _aRU | ||
| 105 | _aa d ||||| | ||
| 200 | 1 |
_aРефлекторы для отопления и сушки инфракрасными лучами _e(По материалам, опублик. фр. фирмой "Шванк") _fГосплан СССР. Всесоюз. проектно-технол. ин-т тяжелого машиностроения |
|
| 210 |
_aМосква _cОтд. науч.-техн. информации _d1957 |
||
| 215 |
_a12 с., 3 л. ил. _d22 |
||
| 225 | 1 |
_aЗарубежная техника _v[№ 7] |
|
| 300 | _aСост. указан в вып. дан. | ||
| 606 |
_aОтопительные установки, радиационные _2psbo |
||
| 606 |
_aИнфракрасные лучи _xПрименение _2psbo |
||
| 606 |
_aСушилки радиационные _2psbo |
||
| 700 | 1 |
_aХасис _bГ. Р. _4220 |
|
| 801 | 0 |
_aRU _bNLR _gpsbo |
|
| 801 | 1 |
_aRU _bELAR _2rusmarc |
|
| 852 |
_aNLR _jП10/1522 |
||
| 942 | _cBOOK | ||
| 980 | _aNB | ||